[Event "St Petersburg op"]
[Site "St Petersburg"]
[Date "1994.??.??"]
[Round "1"]
[White "Poluljahov, Aleksandr"]
[Black "Maiorov, Oleg"]
[Result "1-0"]
[WhiteElo "2510"]
[BlackElo "2375"]

1.Nf3 d5 2.c4 c6 3.d4 Nf6 4.Nc3 dxc4 5.Ne5 Be6 6.e4 b5 7.f4 g6 8.g4 Nfd7
9.Qe2 Nxe5 10.dxe5 Bd7 11.Be3 Bg7 12.Bg2 h5 13.g5 O-O 14.O-O a5 15.Rad1 Qc7
16.f5 Bxe5 17.Bh3 Rd8 18.Qf2 gxf5 19.exf5 Rf8 20.Ne4 f6 21.Qh4 Be8 22.Rd2 Rf7
23.g6 Rg7 24.Qxh5 e6 25.Rg2 exf5 26.Bxf5  1-0

[Event "St Petersburg op"]
[Site "St Petersburg"]
[Date "1994.??.??"]
[Round "2"]
[White "Novik, Maxim"]
[Black "Ioffe, A."]
[Result "1-0"]
[WhiteElo "2480"]
[BlackElo "2320"]

1.Nf3 d5 2.c4 c6 3.d4 Nf6 4.Nc3 e6 5.Bg5 h6 6.Bxf6 Qxf6 7.e3 Nd7 8.Bd3 g6
9.O-O Bg7 10.cxd5 exd5 11.b4 O-O 12.b5 Qd6 13.Qb3 Nb6 14.Rfc1 Be6 15.bxc6 bxc6
16.Nd2 Rfb8 17.Qc2 Bf8 18.Nb3 Nc4 19.Ne2 g5 20.Nc5 Rb2 21.Qc3 Rab8 22.Ng3 R8b4
23.Nb3 Bg7 24.Bxc4 dxc4 25.Qxb2 cxb3 26.axb3 Rxb3 27.Qc2  1-0

[Event "St Petersburg op"]
[Site "St Petersburg"]
[Date "1994.??.??"]
[Round "3"]
[White "Krogius, Nikolai V"]
[Black "Sveshnikov, Evgeny"]
[Result "1/2-1/2"]
[WhiteElo "2480"]
[BlackElo "2585"]

1.Nf3 d5 2.c4 e6 3.d4 c6 4.Nbd2 Nf6 5.g3 Ne4 6.Bg2 f5 7.O-O Nd7 8.Qc2 Be7
9.b3 O-O 10.Bb2 Qe8 11.Ne5 Nxe5 12.dxe5 Bd7 13.Rad1 Nxd2 14.Qxd2 Qf7 15.Qc1 Rfd8
16.Ba3 Be8 17.Rd3 a5 18.Rfd1 a4 19.Bxe7 Qxe7 20.Bf3 axb3 21.axb3 g5 22.Rd4 Qg7
23.g4 f4 24.cxd5 cxd5 25.e4 fxe3 26.Qxe3 Bb5 27.h4 h6 28.hxg5 Qxg5 29.Kg2 Qxe3
30.fxe3 Ra2+ 31.R1d2 Rxd2+ 32.Rxd2 Rc8 33.e4 dxe4  1/2-1/2

[Event "St Petersburg op"]
[Site "St Petersburg"]
[Date "1994.??.??"]
[Round "4"]
[White "Umanskaya, Irina"]
[Black "Kiselev, M."]
[Result "1/2-1/2"]
[WhiteElo "2345"]
[BlackElo "2400"]

1.Nf3 d5 2.c4 e6 3.g3 Nf6 4.Bg2 Be7 5.O-O O-O 6.d4 c6 7.Qc2 b5 8.c5 a5 9.Nbd2 Nbd7
10.b3 Re8 11.Bb2 Bf8 12.Rfe1 Qc7 13.e4 dxe4 14.Nxe4 Nxe4 15.Qxe4 Nf6 16.Qe5 Ra7
17.Qxc7 Rxc7 18.Ne5 Bd7 19.a4 b4 20.Nc4 Ra7 21.Nb6 Nd5 22.Bxd5 cxd5 23.Nxd7  1/2-1/2

[Event "St Petersburg op"]
[Site "St Petersburg"]
[Date "1994.??.??"]
[Round "5"]
[White "Novik, Maxim"]
[Black "Dokuchaev, Aleksander"]
[Result "1/2-1/2"]
[WhiteElo "2480"]
[BlackElo "2400"]

1.Nf3 d5 2.c4 e6 3.d4 c6 4.e3 Nd7 5.Bd3 f5 6.Nbd2 Ngf6 7.b3 Ne4 8.Bb2 Qf6
9.Ne5 Bb4 10.Bxe4 fxe4 11.O-O Nxe5 12.dxe5 Qh6 13.Qe2 O-O 14.Rad1 b6 15.f3 Ba6
16.fxe4  1/2-1/2

[Event "St Petersburg op"]
[Site "St Petersburg"]
[Date "1994.??.??"]
[Round "5"]
[White "Kochyev, Alexander"]
[Black "Yuneev, Alexey"]
[Result "1/2-1/2"]
[WhiteElo "2475"]
[BlackElo "2390"]

1.Nf3 d5 2.c4 dxc4 3.e3 Nf6 4.Bxc4 e6 5.d4 c5 6.O-O a6 7.dxc5 Qxd1 8.Rxd1 Bxc5
9.a3 b5 10.Be2 Bb7 11.b4 Be7 12.Bb2 O-O 13.Nbd2 Nbd7 14.Rac1  1/2-1/2

[Event "St Petersburg op"]
[Site "St Petersburg"]
[Date "1994.??.??"]
[Round "9"]
[White "Anastasian, Ashot"]
[Black "Yuferov, Sergey  N"]
[Result "0-1"]
[WhiteElo "2545"]
[BlackElo "2475"]

1.Nf3 d5 2.c4 e6 3.b3 Nf6 4.Bb2 Be7 5.e3 O-O 6.Be2 Nbd7 7.O-O b6 8.d3 Bb7
9.Nbd2 Bd6 10.Qc2 c5 11.Rac1 Rc8 12.Qb1 Re8 13.Rfd1 Qe7 14.Qa1 e5 15.cxd5 Nxd5
16.Bf1 Bb8 17.g3 Rcd8 18.a3 Qe6 19.Bg2 h6 20.Nc4 b5 21.Ncd2 a6 22.Re1 N5f6
23.b4 cxb4 24.axb4 Bd6 25.Nd4 exd4 26.Bxb7 Bxb4 27.Rcd1 Bxd2 28.Rxd2 Nc5  0-1

[Event "Sveti Sava"]
[Site "Sveti Sava"]
[Date "1994.??.??"]
[Round "?"]
[White "Marinkovic, Slavisa"]
[Black "Simic, Radoslav"]
[Result "1-0"]
[WhiteElo "2375"]
[BlackElo "2495"]

1.Nf3 d5 2.c4 c6 3.Qc2 Nf6 4.g3 g6 5.b3 Bg7 6.Bb2 O-O 7.Bg2 Bf5 8.d3 Qc8
9.h3 a5 10.Nbd2 Na6 11.a3 Rd8 12.Rc1 Ne8 13.Bxg7 Nxg7 14.Qc3 Nc7 15.Kf1 Qd7
16.Kg1 d4 17.Qb2 f6 18.b4 axb4 19.axb4 e5 20.Kh2 g5 21.Nb3 Nce6 22.Nfd2 h5
23.Ne4 Bxe4 24.Bxe4 f5 25.Bg2 h4 26.Ra1 Qc7 27.Bf3 hxg3+ 28.fxg3 Rxa1 29.Qxa1 Rf8
30.Rf1 g4 31.hxg4 e4 32.dxe4 f4 33.Nxd4 fxg3+ 34.Kg1  1-0

[Event "Sveti Sava"]
[Site "Sveti Sava"]
[Date "1994.??.??"]
[Round "?"]
[White "Simic, Radoslav"]
[Black "Lazic, Miroljub"]
[Result "1-0"]
[WhiteElo "2495"]
[BlackElo "2505"]

1.Nf3 d5 2.c4 c6 3.b3 Bg4 4.Bb2 e6 5.g3 Nd7 6.Bg2 Ngf6 7.O-O Bd6 8.d3 O-O
9.Na3 Qe7 10.Nc2 Bh5 11.Qd2 a5 12.Rab1 a4 13.b4 dxc4 14.dxc4 Rfd8 15.c5 Bc7
16.Qc3 Bxf3 17.Qxf3 Be5 18.Nd4 Nd5 19.a3 Qf6 20.Qe4 Nc7 21.f4 Bxd4+ 22.Bxd4 Qf5
23.Rfd1 Nb5 24.Bb2 Nf6 25.Qxf5 exf5 26.h3 Ne4 27.Bxe4 fxe4 28.g4 Rd5  1-0

[Event "SVK-chT"]
[Site "?"]
[Date "1994.??.??"]
[Round "?"]
[White "Zavarsky, Juraj"]
[Black "Hruskovic, M."]
[Result "0-1"]
[WhiteElo "2020"]
[BlackElo "2110"]

1.Nf3 d5 2.c4 c6 3.g3 Nf6 4.Bg2 Bf5 5.cxd5 cxd5 6.Qb3 Qc8 7.O-O e6 8.d3 Nc6
9.Nc3 Be7 10.Bf4 O-O 11.Rac1 Nh5 12.Bg5 Bxg5 13.Nxg5 h6 14.Nf3 Bg4 15.Qa4 Nf6
16.h3 Bxf3 17.Bxf3 Qd7 18.Bg2 a6 19.b4 b5 20.Qb3 Qd6 21.a3 Rac8 22.e4 Nd4
23.Qb2 dxe4 24.dxe4 e5 25.Nd5 Nxd5 26.exd5 Rfd8 27.Kh2 Qf6 28.Kh1 Rc4 29.Rxc4 bxc4
30.f4 Rc8 31.fxe5 c3 32.exf6 cxb2 33.Be4 Rc1 34.Kg2 Nc2 35.d6 Ne3+ 36.Kf2 Rxf1+
37.Kxe3 Re1+ 38.Kd2 Rxe4  0-1

[Event "SVK-chT"]
[Site "?"]
[Date "1994.??.??"]
[Round "?"]
[White "Baranek, Jozef"]
[Black "Horvath, Mario"]
[Result "0-1"]
[WhiteElo "2230"]
[BlackElo "2215"]

1.Nf3 d5 2.c4 c6 3.g3 Nf6 4.Bg2 e6 5.b3 Bd6 6.Bb2 O-O 7.O-O Qe7 8.Nc3 Nbd7
9.d3 a6 10.Rc1 b5 11.cxd5 cxd5 12.e4 Bb7 13.exd5 Nxd5 14.Ne4 Ba3 15.Qe2 Rfd8
16.Rfd1 Rac8 17.Rxc8 Rxc8 18.Ba1 h6 19.Ne1 Qd8 20.h3 Qb6 21.Kh2 Bf8 22.Bb2 Qa5
23.a3 b4 24.a4 Qb6 25.Rc1 Nc3 26.Nxc3 bxc3 27.Bxc3 Bxg2 28.Kxg2 Qxb3 29.Bd2 Rxc1
30.Bxc1 Qxa4 31.Qf3 Ne5 32.Qa8 Qc6+ 33.Qxc6 Nxc6 34.Bd2 Bc5 35.Kf3 Kf8 36.Nc2 Ke7
37.Ke2 Kd7 38.f4 Nd4+ 39.Nxd4 Bxd4 40.Kf3 Bb6 41.Ke4 Kd6 42.g4 g6 43.f5 exf5+
44.gxf5 g5 45.Bb4+ Kd7 46.Ke5 a5 47.Bf8 a4 48.Bxh6 a3 49.Kd5 Bd8  0-1

[Event "SVK-chT"]
[Site "?"]
[Date "1994.??.??"]
[Round "14"]
[White "Zavarsky, Juraj"]
[Black "Singliar, Anton"]
[Result "0-1"]
[WhiteElo "2020"]
[BlackElo "2120"]

1.Nf3 d5 2.c4 c6 3.g3 Nf6 4.Bg2 Bf5 5.cxd5 cxd5 6.Qb3 Qc8 7.Nc3 e6 8.d3 Nc6
9.O-O Be7 10.Bf4 Nh5 11.Be3 O-O 12.Nd4 Bg6 13.Rac1 Nf6 14.Nxc6 bxc6 15.Na4 Qc7
16.Bc5 Rfc8 17.Qa3 Bxc5 18.Nxc5 Nd7 19.Rc2 Nxc5 20.Qxc5 Rab8 21.Rfc1 h6 22.b4 Qb7
23.a3 Kh7 24.Bf3 Qa6 25.Rc3 e5 26.Qd6 e4 27.dxe4 dxe4 28.Bg4 Rd8 29.Qxc6 Rb6
30.Qc5 Rd2 31.Qf8 e3 32.Rxe3 Rc6 33.Rxc6 Qxc6 34.Bf3 Qd7 35.Re8 Bf5 36.Re7 Rd1+  0-1

[Event "SWZ-chT"]
[Site "SWZ"]
[Date "1994.??.??"]
[Round "1"]
[White "Bauert, Ralph"]
[Black "Masserey, Yvan"]
[Result "0-1"]
[WhiteElo "2230"]
[BlackElo "2315"]

1.Nf3 d5 2.c4 d4 3.b4 g6 4.d3 Bg7 5.g3 e5 6.Nbd2 Ne7 7.Bg2 O-O 8.O-O h6 9.Qc2 a5
10.b5 c5 11.bxc6 Nbxc6 12.Ba3 Nb4 13.Bxb4 axb4 14.Qb3 Nc6 15.a3 bxa3 16.Rxa3 Rxa3
17.Qxa3 Re8 18.Rb1 Kh7 19.Ne1 Qc7 20.Nc2 Bg4 21.Kf1 Bd7 22.Nb4 Qd6 23.Qb2 Nd8
24.Nd5 f5 25.Qb4 Qxb4 26.Rxb4 Bc6 27.Rb6 Re6 28.Rb1 Bf8 29.Nb3 Kg7 30.Na5 Bc5
31.Nc7 Bxg2+ 32.Kxg2 Rb6 33.Rb5 Rxb5 34.Nxb5 Kf7 35.Nb3 b6 36.Nc7 Nb7 37.Nd5 Ke6
38.h3 Nd6 39.f4 exf4 40.Nxf4+ Kf6 41.Nd5+ Ke5 42.Ne7 Nxc4 43.Nxg6+ Kf6 44.dxc4 Kxg6
45.Kf3 Kf6 46.Nxc5 bxc5 47.Kf4 Ke6 48.h4 Kf6 49.g4 fxg4 50.Kxg4 Ke5 51.Kh5 Ke4
52.Kxh6 Ke3 53.Kg5 Kxe2 54.h5 d3 55.h6 d2 56.h7 d1=Q 57.h8=Q Qc1+ 58.Kf5 Qc2+
59.Kg5 Qxc4 60.Qh2+ Kd1 61.Qg1+ Kc2 62.Qf2+ Kb1 63.Qf5+ Qc2 64.Qd5 c4 65.Qb7+ Kc1
66.Kh6 Qh2+ 67.Kg6 c3 68.Qb4 Qg3+ 69.Kh7 c2 70.Qd4 Qc7+ 71.Kg8 Qb8+ 72.Kh7 Qb7+
73.Kg6 Kb1 74.Qd3 Qc6+ 75.Kh7 Ka2 76.Qd2 Qc7+ 77.Kg6 Qb6+ 78.Kh7 Kb2 79.Qe2 Qb7+
80.Kg6 Qd5 81.Qf2 Qe6+ 82.Kh7 Kb1  0-1

[Event "SWZ-chT"]
[Site "SWZ"]
[Date "1994.??.??"]
[Round "9"]
[White "Giertz, Niklaus"]
[Black "Geiser, Laurent"]
[Result "1-0"]
[WhiteElo "2265"]
[BlackElo "2145"]

1.Nf3 d5 2.c4 e6 3.b3 Nf6 4.g3 Be7 5.Bg2 O-O 6.O-O c6 7.Bb2 Nbd7 8.Qc2 Re8
9.d4 Qc7 10.Nbd2 b6 11.e4 dxe4 12.Nxe4 Bb7 13.Rad1 Nxe4 14.Qxe4 c5 15.Qe2 cxd4
16.Nxd4 Bxg2 17.Kxg2 a6 18.Nxe6 Qc6+ 19.Qf3 Qxe6 20.Rfe1 Qg6 21.Rxd7 Bc5
22.Ra7 Rad8 23.Rxe8+ Rxe8 24.Rxa6 Qc2 25.Ra8 Rf8 26.Be5 f6  1-0

[Event "Wch U16"]
[Site "Szeged"]
[Date "1994.??.??"]
[Round "4"]
[White "Tihonov, Jurij"]
[Black "Kasimdzhanov, Rustam"]
[Result "1/2-1/2"]
[WhiteElo "2230"]
[BlackElo "2360"]

1.Nf3 d5 2.c4 e6 3.b3 Nf6 4.Bb2 Be7 5.g3 O-O 6.Bg2 c5 7.O-O Nc6 8.d3 d4 9.e3 Ne8
10.Na3 e5 11.Nc2 f6 12.Qe2 Nc7 13.Rac1 e4 14.Nd2 exd3 15.Qxd3 Ne5 16.Qe4 f5
17.Qxe5 Bd6 18.Qd5+ Nxd5 19.Bxd5+ Kh8 20.exd4 f4 21.dxc5 Bxc5 22.Ne4 Be7
23.Rcd1 Qc7 24.Nd4 a6 25.gxf4 Qxf4 26.Rd3 Bh4 27.Kh1 Bf5 28.Nxf5 Qxf5 29.Rg1 Bf6
30.Nxf6 Rxf6 31.Rf3 Qxd5 32.cxd5 Rxf3 33.Rxg7 Rxf2 34.Be5 Rf5 35.Rg5+ Rxe5
36.Rxe5 Rc8 37.Kg2 Kg7 38.Kf3 Rc2 39.Re2 Rc1 40.Re7+ Kf6 41.Rxb7 Rc2 42.Rb6+ Ke5
43.Rxa6 Rxh2 44.d6 Ke6 45.a4 Rh3+  1/2-1/2

[Event "Tastrup"]
[Site "Tastrup"]
[Date "1994.??.??"]
[Round "6"]
[White "Bang, Andreas"]
[Black "Jakobsen, Peter"]
[Result "1-0"]
[WhiteElo "2310"]
[BlackElo "2270"]

1.Nf3 d5 2.c4 dxc4 3.Qa4+ Nd7 4.g3 a6 5.Qxc4 b5 6.Qb3 Bb7 7.Bg2 e6 8.O-O Ngf6
9.Nc3 c5 10.d3 Rc8 11.Bg5 Be7 12.Nd2 Bxg2 13.Kxg2 O-O 14.a4 b4 15.Nd1 Ne5
16.Ne3 Nd5 17.Bxe7 Nxe3+ 18.fxe3 Qxe7 19.Nc4 Nxc4 20.Qxc4 Qd6 21.Rf3 Qd5
22.Rc1 a5 23.Kf2 Rfd8 24.Ke1 Qh5 25.h4 Qd5 26.Qf4 Qd7 27.b3 c4 28.Rxc4 Rxc4
29.Qxc4 Rc8 30.Qa6 Qc7 31.Rf4 h6 32.Kf2 Qc3 33.Qxa5 Qxb3 34.Qxb4 Qd5 35.Qe4 Qd7
36.Kg2 Qa7 37.Kh2 Rc2 38.Qf3 Ra2 39.Rc4 Rxa4  1-0

[Event "Tastrup"]
[Site "Tastrup"]
[Date "1994.??.??"]
[Round "9"]
[White "Bang, Andreas"]
[Black "Jorgensen, Per Henrik Dorff"]
[Result "1/2-1/2"]
[WhiteElo "2310"]
[BlackElo "2310"]

1.Nf3 d5 2.c4 d4 3.g3 g6 4.Bg2 Bg7 5.d3 Nc6 6.O-O Nf6 7.b4 Nxb4 8.Qa4+ Nc6
9.Ne5 O-O 10.Nxc6 bxc6 11.Bxc6 Bd7 12.Bf4 Bxc6 13.Qxc6 Rc8 14.Na3 Nd7 15.Rab1 e5
16.Bd2 Re8 17.Rb7 Bf8 18.Rxa7 Bc5 19.Ra5 Re6 20.Qf3 Bb6 21.Rb5 Ra8 22.Bg5 Qf8
23.Nc2 Rxa2 24.Nb4 Ra7 25.Nd5 f6 26.Nxb6 Nxb6 27.Bd2 Qa8 28.Qxa8+ Rxa8 29.Ba5 e4
30.Bxb6 cxb6 31.Rfb1 Ra2 32.Rxb6 Rxb6 33.Rxb6 Rxe2 34.dxe4 d3 35.Rd6 Rxe4
36.Rxd3 Rxc4  1/2-1/2

[Event "Czerniak mem"]
[Site "Tel Aviv"]
[Date "1994.??.??"]
[Round "1"]
[White "Teplitsky, Yan"]
[Black "Krays, Alexander"]
[Result "1-0"]
[WhiteElo "2425"]
[BlackElo "2385"]

1.Nf3 d5 2.c4 c6 3.e3 e6 4.Nc3 f5 5.b3 Nf6 6.Bb2 Bd6 7.Be2 O-O 8.Qc2 Qe7
9.O-O Bd7 10.a3 Ne4 11.d3 Ng5 12.Nxg5 Qxg5 13.f4 Qh6 14.Rf3 e5 15.Rh3 Qe6
16.fxe5 Bxe5 17.d4 Bd6 18.cxd5 cxd5 19.Nxd5 Kh8 20.Nc3 Qg6 21.Rf1 Nc6 22.Bd3 Rae8
23.Nd5 Ne7 24.Nxe7 Rxe7 25.e4 Rc8 26.Qf2 Rxe4 27.Bxe4 fxe4 28.Rc3 Re8 29.Qf7 Qxf7
30.Rxf7 Bc6 31.Bc1 Kg8 32.Rf2 Bb5 33.b4 Bd3 34.Be3 h6 35.g3 Ra8 36.Bf4 Bxf4
37.Rxf4 Re8 38.Rf5 Rd8 39.d5 Rd7 40.Re5 Kf7 41.Rc8 Kg6 42.Rce8 Rf7 43.h4 Rf3
44.d6 Rxg3+ 45.Kh2 Re3 46.h5+  1-0

[Event "ISR-ch"]
[Site "Tel Aviv"]
[Date "1994.??.??"]
[Round "3"]
[White "Gurevich, Gregory"]
[Black "Stisis, Yaacov"]
[Result "0-1"]
[WhiteElo "2350"]
[BlackElo "2400"]

1.Nf3 d5 2.c4 c6 3.b3 Nf6 4.g3 Bg4 5.Bg2 Nbd7 6.Bb2 e6 7.O-O Bd6 8.d3 O-O
9.Nbd2 Qe7 10.h3 Bh5 11.a3 e5 12.e4 dxe4 13.Nxe4 Nxe4 14.dxe4 Nc5 15.Qc2 Bxf3
16.Bxf3 Ne6 17.Bg4 Bc5 18.Bxe5 h5 19.Bxe6 Qxe6 20.Qc3 f6 21.Bf4 Rad8 22.Rad1 Qxe4
23.Rfe1 Rxd1 24.Rxd1 Qe2 25.Qd2 Bxf2+ 26.Kg2 Qxd2 27.Rxd2 Bb6 28.Rd7 Rf7
29.Rd3 Re7 30.b4 Kf7 31.c5 Bc7 32.Bxc7 Rxc7 33.Rd8 Ke6 34.Kf2 Rd7 35.Ra8 b6
36.cxb6 axb6 37.Ke3 b5 38.a4 bxa4 39.Rxa4 Rb7 40.Kd4 Kd6 41.Kc4 Re7 42.Kd4 f5
43.Kd3 g5 44.Ra8 Re4 45.Rg8 g4 46.Rg5 Ke5 47.Rxh5 Rxb4 48.Rh6 c5 49.Rh5 Rb3+
50.Kc4 Rxg3 51.hxg4 Rxg4+ 52.Kxc5 Rg8 53.Kc4 Ke4 54.Kc3 Rd8 55.Rh1 f4 56.Re1+ Kf3
57.Rf1+ Ke3 58.Re1+ Kf2 59.Re7 f3 60.Kc2 Kf1 61.Rf7 f2 62.Rg7 Rd4 63.Kc3 Ke1
64.Re7+ Kd1 65.Kxd4 f1=Q 66.Rb7 Qf2+ 67.Kc4 Qf4+ 68.Kc5 Qe5+ 69.Kc6 Kc2 70.Rb5 Qe6+
71.Kb7 Kc3 72.Rc5+ Kb4 73.Rc6 Qe7+ 74.Kb6 Qd7 75.Rc1 Qd4+ 76.Ka6 Qd3+ 77.Kb7 Kb5
78.Re1 Qf3+ 79.Kc8 Qc3+  0-1

[Event "Czerniak mem"]
[Site "Tel Aviv"]
[Date "1994.??.??"]
[Round "3"]
[White "Teplitsky, Yan"]
[Black "Shabtai, Ran"]
[Result "1/2-1/2"]
[WhiteElo "2425"]
[BlackElo "2260"]

1.Nf3 d5 2.c4 e6 3.g3 dxc4 4.Bg2 a6 5.a4 b6 6.Na3 Bb7 7.Nxc4 Nf6 8.O-O Nbd7
9.b3 Be7 10.Bb2 O-O 11.e3 c5 12.Rc1 b5 13.Nce5 Nxe5 14.Bxe5 Rc8 15.axb5 axb5
16.Qe2 Be4 17.Ne1 Bxg2  1/2-1/2

[Event "Czerniak mem"]
[Site "Tel Aviv"]
[Date "1994.??.??"]
[Round "4"]
[White "Teplitsky, Yan"]
[Black "Shrentzel, Mordechai"]
[Result "1-0"]
[WhiteElo "2425"]
[BlackElo "2290"]

1.Nf3 d5 2.c4 d4 3.g3 g6 4.e3 c5 5.exd4 cxd4 6.d3 Bg7 7.Bg2 e5 8.O-O Ne7
9.Re1 f6 10.b4 O-O 11.Nbd2 Nd7 12.Ba3 Re8 13.Ne4 Nf8 14.b5 Nf5 15.Nfd2 a6
16.b6 Qxb6 17.c5 Qc7 18.Nc4 Be6 19.Ned6 Nxd6 20.cxd6 Qf7 21.Nb6 Rab8 22.Rc1 Nd7
23.Rc7 Red8 24.Qd2 Kh8 25.Bxb7 Qg8 26.Nc4 f5 27.Na5 Bxa2 28.Nc6 Qb3 29.Nxb8 Nxb8
30.Qa5 Bf6 31.Rxe5 Qxd3 32.Re1 Bg8 33.Rce7 Rf8 34.d7  1-0

[Event "Czerniak mem"]
[Site "Tel Aviv"]
[Date "1994.??.??"]
[Round "5"]
[White "Shrentzel, Mordechai"]
[Black "Shabtai, Ran"]
[Result "1-0"]
[WhiteElo "2290"]
[BlackElo "2260"]

1.Nf3 d5 2.c4 e6 3.b3 Nf6 4.g3 Be7 5.Bg2 O-O 6.O-O c5 7.Bb2 Nc6 8.cxd5 exd5
9.d4 cxd4 10.Nxd4 Qb6 11.Nxc6 bxc6 12.Nc3 Re8 13.Qc2 Bg4 14.e4 Rad8 15.exd5 cxd5
16.Na4 Qa6 17.Bd4 Rc8 18.Qb2 Qd3 19.Bxa7 Be2 20.Rfc1 Nd7 21.Rxc8 Rxc8 22.Re1 Rc2
23.Qd4 Qxd4 24.Bxd4 Bf6 25.Bxf6 Nxf6 26.Nc3 Rxc3 27.Rxe2 Rc1+ 28.Bf1 Kf8
29.f3 d4 30.Rd2 Nd5 31.Kf2 Nb4 32.a3 Nc2 33.a4 Ke7 34.a5 Kd6 35.a6 Kc7 36.Bd3 Nb4
37.Bc4 f6 38.Be2 Ra1 39.Rxd4 Nxa6 40.Rg4 g5 41.Ra4 Rxa4 42.bxa4 Nc5 43.a5 Nb7
44.a6 Nd6 45.Ke3 Nc8 46.Bd3 h6 47.Ke4 Ne7 48.Kd4 Kb6 49.g4 Kc6 50.Be4+ Kb6
51.Bb7 Ng6 52.Kd5  1-0

[Event "Czerniak mem"]
[Site "Tel Aviv"]
[Date "1994.??.??"]
[Round "6"]
[White "Teplitsky, Yan"]
[Black "Godes, Dmitry R"]
[Result "1/2-1/2"]
[WhiteElo "2425"]
[BlackElo "2405"]

1.Nf3 d5 2.c4 e6 3.g3 c6 4.b3 a5 5.Nc3 Nf6 6.Bg2 d4 7.Na4 Be7 8.Bb2 c5 9.e3 Nc6
10.exd4 cxd4 11.O-O e5 12.Re1 Nd7 13.d3 O-O 14.Rc1 f5 15.a3 Kh8 16.c5 Bf6
17.Nd2 Bg5 18.Rc2 Bxd2 19.Rxd2 Qc7 20.Bc1 Nf6 21.Nb6 Rb8 22.Rde2 f4 23.Nxc8 Rbxc8
24.b4 axb4 25.axb4 Nd7 26.Rb2 fxg3 27.hxg3 Nf6 28.Bg5 Rce8 29.b5 Ne7 30.c6 bxc6
31.bxc6 Ned5 32.Bxf6 Nxf6 33.Rb7 Qc8 34.Rb5 e4 35.dxe4 Qxc6 36.Rb4 d3 37.e5 Qc5
38.Rf4 Rxe5 39.Rxe5 Qxe5 40.Qxd3  1/2-1/2

[Event "Czerniak mem"]
[Site "Tel Aviv"]
[Date "1994.??.??"]
[Round "8"]
[White "Teplitsky, Yan"]
[Black "Kataev, Simcho"]
[Result "1/2-1/2"]
[WhiteElo "2425"]
[BlackElo "2385"]

1.Nf3 d5 2.c4 c6 3.e3 Nf6 4.Nc3 g6 5.d4 Bg7 6.Be2 O-O 7.O-O Nbd7 8.b3 dxc4
9.bxc4 c5 10.Bb2 cxd4 11.exd4 b6 12.Re1 Bb7 13.Bf1 Re8 14.a4 Nf8 15.a5 Ne6
16.d5 Nc5 17.Nd4 bxa5 18.Ba3 Rc8 19.Ncb5 Qb6 20.Rb1 Nfd7 21.Nb3 Nxb3 22.Rxb3 Nc5
23.Rb1 a6 24.Nc3 Qd8 25.Na4 Nxa4 26.Qxa4 Ba8 27.Rbd1 Bc3 28.Re3 Bf6 29.h3 Qc7
30.c5 Red8 31.d6 exd6 32.cxd6 Qc6 33.Qxc6 Bxc6 34.Bxa6 Ra8 35.Bc4 Kg7 36.Bd5 Bxd5
37.Rxd5 Rd7 38.g4 h6 39.Re4 Raa7 40.Ra4 Bd8 41.Re4  1/2-1/2

[Event "Ticino op"]
[Site "Ticino"]
[Date "1994.??.??"]
[Round "5"]
[White "Erdelyi, Tamas"]
[Black "Legky, Nikolay A"]
[Result "0-1"]
[WhiteElo "2300"]
[BlackElo "2510"]

1.Nf3 d5 2.c4 e6 3.g3 Nf6 4.Bg2 c6 5.b3 a5 6.Na3 Nbd7 7.Bb2 Bd6 8.O-O Qe7
9.Qc1 O-O 10.d3 Nc5 11.Nc2 Bd7 12.Qg5 h6 13.Qh4 Rfc8 14.Rad1 Nh7 15.Qd4 f6
16.Qe3 Na6 17.a3 e5 18.d4 e4 19.Nd2 f5 20.c5 Bc7 21.f3 Nf6 22.b4 Rf8 23.Qb3 a4
24.Qa2 e3 25.Nb1 f4 26.g4 Rae8 27.Nc3 g5 28.Ne1 h5 29.h3 Qh7 30.b5 Nb8 31.b6 Bd8
32.Nxa4 Kg7 33.Qb1 Qh6 34.Nd3 hxg4 35.fxg4 Bxg4 36.hxg4 Rh8 37.Rf3 Qh2+ 38.Kf1 Rh4
39.Ne5 Ne4 40.Nc3 Reh8 41.Nxe4 Qh1+  0-1

[Event "Tilburg rapid20"]
[Site "Tilburg"]
[Date "1994.??.??"]
[Round "2"]
[White "Yermolinsky, Alex"]
[Black "Serper, Grigory"]
[Result "1/2-1/2"]
[WhiteElo "2590"]
[BlackElo "2575"]

1.Nf3 d5 2.c4 e6 3.d4 Nf6 4.e3 Be7 5.Bd3 dxc4 6.Bxc4 c5 7.O-O O-O 8.dxc5 Bxc5
9.b3 a6 10.Bb2 b5 11.Be2 Bb7 12.Qxd8 Rxd8 13.a4 bxa4 14.Rxa4 Nbd7 15.Nbd2 Nb6
16.Ra2 Nfd5 17.Nc4 Nb4 18.Ra5 Nxc4 19.Bxc4 Bb6 20.Raa1 Bd5 21.Rfc1 Bb7 22.Bd4 Bxd4
23.Nxd4 Rdb8 24.f4 Bd5 25.Bxd5 Nxd5 26.Kf2 g6 27.Kf3 Rb4 28.Ra4 Rxa4 29.bxa4 Rb8
30.Rc6 Rb6 31.e4 Rxc6 32.Nxc6 Nc3 33.a5 f5 34.exf5 exf5 35.Nb4 Nb5 36.Ke3 Nd6
37.Kd4 Nb7 38.Nc6 Kf7 39.Ke5 Nc5 40.Kd6 Nb3 41.Ne5+ Kf6 42.Nc4 g5 43.fxg5+ Kxg5
44.Kc6 f4 45.Kb6 f3 46.gxf3 Kf4 47.Kxa6 Nxa5 48.Kxa5 Kxf3 49.Ne5+ Kg2 50.h4 Kg3
51.h5 Kh4  1/2-1/2

[Event "Vienna op"]
[Site "Vienna"]
[Date "1994.??.??"]
[Round "2"]
[White "Habibi, Ali"]
[Black "Frois, Antonio"]
[Result "1-0"]
[WhiteElo "2165"]
[BlackElo "2395"]

1.Nf3 d5 2.c4 e6 3.b3 Nf6 4.e3 c5 5.Be2 Nc6 6.Bb2 Be7 7.O-O O-O 8.a3 b6 9.d3 Bb7
10.Qc2 Rc8 11.Nbd2 Re8 12.Rac1 Nd7 13.Qb1 Bf6 14.d4 cxd4 15.exd4 Qe7 16.cxd5 exd5
17.Bd3 g6 18.Rfe1 Qd6 19.g3 Nf8 20.Qa1 Ne6 21.b4 a6 22.Bf1 Bg7 23.Re2 a5
24.b5 Ne7 25.Rxc8 Bxc8 26.Ne5 f6 27.Nd3 Nc7 28.a4 Nf5 29.Rxe8+ Nxe8 30.Qc1 Bd7
31.Bg2 Bh6 32.Qc3 Be6 33.f4 Ne3 34.Bf3 Nc4 35.Bc1 Nxd2 36.Qxd2 Bf8 37.Qe2 Kf7
38.g4 Bc8 39.f5 Bb7 40.g5 gxf5  1-0

[Event "Vienna op"]
[Site "Vienna"]
[Date "1994.??.??"]
[Round "4"]
[White "Habibi, Ali"]
[Black "Lehner, Oliver"]
[Result "0-1"]
[WhiteElo "2165"]
[BlackElo "2315"]

1.Nf3 d5 2.c4 e6 3.b3 c5 4.e3 Nc6 5.Bb2 Nf6 6.Be2 Be7 7.O-O O-O 8.d3 d4 9.exd4 cxd4
10.Na3 e5 11.Nc2 Nd7 12.Re1 a5 13.Bf1 Qc7 14.Na3 Nc5 15.Nb5 Qb8 16.h3 Bd7
17.Ba3 Re8 18.g3 Bf8 19.Bc1 h6 20.Rb1 Bf5 21.a3 Bh7 22.Rb2 Qd8 23.Rd2 Qd7
24.Kh2 Rad8 25.Bb2 e4 26.Nfxd4 Nxd3 27.Bxd3 exd3 28.Rxe8 Rxe8 29.Nf3 Bc5
30.Nc3 Qf5 31.Nd5 Qe4 32.Nc3 Qe6 33.Nd5 Bd6 34.Qa1 f6 35.Bxf6 gxf6 36.Nxf6+ Kf7
37.Nxe8 Qxe8 38.b4 Qe4 39.Ne1 Ne5 40.c5  0-1

[Event "Wattens op"]
[Site "Wattens"]
[Date "1994.??.??"]
[Round "2"]
[White "Erlacher, Herbert"]
[Black "Spiegel, Wilfried"]
[Result "0-1"]
[WhiteElo "1845"]
[BlackElo "2210"]

1.Nf3 d5 2.c4 c6 3.g3 Nf6 4.Bg2 g6 5.O-O Bg7 6.d4 O-O 7.Nc3 Ne4 8.cxd5 Nxc3
9.bxc3 cxd5 10.Bd2 Nc6 11.Ne1 e5 12.dxe5 Nxe5 13.Be3 Be6 14.Bd4 Qa5 15.Nd3 Nc4
16.Re1 Rfd8 17.Nc5 Qc7 18.Qc1 Rac8 19.a4 Qe7 20.Nd3 Na5 21.Qb2 Nc4 22.Qb4 Qxb4
23.Nxb4 Na5 24.Rad1 Bxd4 25.Rxd4 Rxc3 26.Bxd5 Nc6 27.Nxc6 bxc6 28.e4 cxd5
29.Red1 Rc5 30.f4 f6 31.h3 h5 32.Re1 Kf7 33.Rb1 Rdc8 34.Rb7+ R8c7 35.Rxc7+ Rxc7
36.exd5 Bxh3 37.Kf2 Rc3 38.Rb4 Rc7 39.a5 Ke7 40.Ke3 Kd6 41.Kd4 Rc5  0-1

[Event "Wattens op"]
[Site "Wattens"]
[Date "1994.??.??"]
[Round "4"]
[White "Holzbauer, Johannes"]
[Black "Fritsch, Juergen"]
[Result "1-0"]
[WhiteElo "2025"]
[BlackElo "1825"]

1.Nf3 d5 2.c4 c6 3.cxd5 cxd5 4.d4 Nf6 5.g3 Bf5 6.Bg2 e6 7.O-O Bd6 8.Qb3 Qb6
9.Qxb6 axb6 10.Nc3 Nbd7 11.Nb5 Bb8 12.Bf4 Bxf4 13.gxf4 Ke7 14.Rfc1 Rhc8 15.Nc7 Rab8
16.Ne5 Ne8 17.Nxe8 Kxe8 18.e3 f6 19.Nxd7 Kxd7 20.Bf1 Rxc1 21.Rxc1 Rc8 22.Bb5+ Kd8
23.Rxc8+ Kxc8 24.Kf1 Kc7 25.Ke2 Kd6 26.Kd2 Bh3 27.Kc3 h6 28.Bd3 g5 29.fxg5 hxg5
30.f4 e5 31.dxe5+ fxe5 32.fxg5 Ke6 33.e4 d4+ 34.Kc4 Kf7 35.Kd5  1-0

[Event "WchT Silent"]
[Site "?"]
[Date "1994.??.??"]
[Round "6"]
[White "Nedev, Georgi"]
[Black "Czech, Ludwig"]
[Result "1/2-1/2"]
[WhiteElo "2340"]
[BlackElo "2215"]

1.Nf3 d5 2.c4 e6 3.g3 c6 4.Qc2 Nf6 5.Bg2 Nbd7 6.O-O Be7 7.d3 O-O 8.Nc3 Re8
9.b3 Nf8 10.e4 d4 11.Ne2 c5 12.b4 Ng6 13.bxc5 e5 14.Nd2 Nd7 15.Nb3 Nxc5 16.f4 f6
17.f5 Nh8 18.g4 Nf7 19.Bd2 b6 20.Rfb1 Bd7 21.Nxc5 Bxc5 22.a4 Qc7 23.h4 h6
24.Bf3 Kf8 25.Ng3 Rec8 26.Qc1 Be7 27.Qb2 Rab8 28.Kg2 Be8 29.Bb4 Nd8 30.h5 Bxb4
31.Qxb4+ Qe7 32.Qd2 Nb7 33.Bd1 Rc5 34.Ne2 Rbc8 35.Ra2 Ra5 36.Nc1 Nc5 37.Rba1 Bc6
38.Kf3 Qb7 39.Bc2 Qd7 40.Nb3 Nxb3 41.Bxb3 Bb7 42.Qe1 Rcc5 43.Bc2 Bc6 44.Kg3 Ke8
45.Kf3 Kd8 46.Kg3 Kc7 47.Kf3 Qe8 48.Kg3  1/2-1/2

[Event "Werfen op"]
[Site "Werfen"]
[Date "1994.??.??"]
[Round "?"]
[White "Juergens, Klaus"]
[Black "Hresc, Vladimir"]
[Result "1-0"]
[WhiteElo "2120"]
[BlackElo "2420"]

1.Nf3 d5 2.c4 d4 3.b4 c5 4.e3 dxe3 5.fxe3 cxb4 6.d4 e6 7.Bd3 Nc6 8.O-O Nf6
9.Nbd2 Be7 10.Bb2 a5 11.Qe2 a4 12.Rac1 Qa5 13.c5 Nd5 14.Nc4 Qc7 15.Nfe5 Nf6
16.Rf3 O-O 17.Rcf1 a3 18.Ba1 Nxe5 19.Nxe5 Bd7 20.Rxf6 gxf6 21.Bxh7+ Kxh7
22.Qh5+ Kg7 23.Qg4+  1-0